00746nam a22001577a 4500999001900000008004100019100003400060245008600094260002900180300003200209520018700241773002900428906001700457942000700474952010700481 c530972d530972250722b ||||| |||| 00| 0 eng d aChamberlen, Anastasia 955524 aThe stains of imprisonment. Moral communication and men convicted of sex offenses aSocial & Legal Studies  a34(3), Jun, 2025: p.464-466 aIevins Alice, Oakland: university of California Press, 2023. pp. 214, ISBN 9780520383722, £30.00 (pbk).-Reproduced https://journals.sagepub.com/doi/abs/10.1177/09646639241277685  aSocial & Legal Studies  aBOOK REVIEW  cAR 00102ddc40709406171aIIPAbIIPAd2025-07-22h34(3), Jun, 2025: p.464-466pAR136692r2025-07-22yAR